Statistics for Countries with the Highest Abortion Rates

Click here to take the quiz!

General Stats

  • This quiz has been taken 126 times
  • The average score is 7 of 15

Answer Stats

#CountryContinent% Correct
49ChinaAsia
94%
48IndiaAsia
81%
55CubaNorth America
64%
64VietnamAsia
64%
43PakistanAsia
53%
44Republic of the CongoAfrica
51%
45CambodiaAsia
49%
48Trinidad and TobagoNorth America
47%
43KenyaAfrica
43%
45BarbadosNorth America
40%
80GeorgiaAsia
36%
60MadagascarAfrica
21%
59Guinea-BissauAfrica
19%
49Cape VerdeAfrica
17%
45Sierra LeoneAfrica
15%

Score Distribution

Percentile by Number Answered

Percent of People with Each Score

Your Score History

You have not taken this quiz